الغدة الدرقية : دينامو الطاقة ... النشاط ... و النمو / (رقم التسجيلة. 93123)

تفاصيل مارك
000 -LEADER
fixed length control field 00599nam a22001817a 4500
005 - DATE AND TIME OF LATEST TRANSACTION
control field 20251108172955.0
008 - FIXED-LENGTH DATA ELEMENTS--GENERAL INFORMATION
fixed length control field 250721s2003 xx 000 0 ara d
082 14 - DEWEY DECIMAL CLASSIFICATION NUMBER
Classification number 616.44/ جاد
100 1# - MAIN ENTRY--PERSONAL NAME
Personal name جادالله، فضيلة
245 10 - TITLE STATEMENT
Title الغدة الدرقية : دينامو الطاقة ... النشاط ... و النمو /
264 1# - PRODUCTION, PUBLICATION, DISTRIBUTION, MANUFACTURE, AND COPYRIGHT NOTICE
Place of production, publication, distribution, manufacture القاهرة :
Name of producer, publisher, distributor, manufacturer دار الهلال،
Date of production, publication, distribution, manufacture, or copyright notice 2003.
300 ## - PHYSICAL DESCRIPTION
Extent 158ص.
490 0# - SERIES STATEMENT
Series statement كتاب الهلال الطبي
Volume/sequential designation 38
650 17 - SUBJECT ADDED ENTRY--TOPICAL TERM
Topical term or geographic name as entry element أمراض الغدد الصماء
650 17 - SUBJECT ADDED ENTRY--TOPICAL TERM
Topical term or geographic name as entry element الغدة الدرقية
942 ## - ADDED ENTRY ELEMENTS (KOHA)
Source of classification or shelving scheme Dewey Decimal Classification
Koha item type كتب
المقتنيات
حالة السحب حالة الفقدان مصدر التصنيف حالة التلف غير قابل للإعارة المكتبة الرئيسية المكتبة الحالية موقع الرف تاريخ التزويد الرقم المتسلسل Total Checkouts رقم الإستدعاء الباركود تاريخ آخر ظهور تاريخ الفاتورة نوع المادة (كوها)
    Dewey Decimal Classification     المكتبة المركزية المكتبة المركزية الإعارة 28/07/2025 816912   616.44/ جاد 816912 28/07/2025 28/07/2025 كتب
Implemented & Customized by: BBB with SCIT (Smart Chains for Information Technology)

Powered by Koha